000 00783fam a2200229 a 4500
005 20131113055750.0
008 980312s1999 njua b 001 0 eng
020 _a0139570020
041 0 _aeng
080 _a339.138 KOT
100 1 _aKotler, Philip.
245 1 0 _aPrinciples of marketing /
_cPhilip Kotler, Gary Armstrong.
250 _a8th ed.
260 _aUpper Saddle River, NJ :
_bPrentice Hall,
_cc1999.
300 _a1 v. (various pagings) :
_bcol. ill. ;
_c29 cm. +
_e1 computer laser optical disc (4 3/4 in.)
500 _aPreface : f. [XII] - XVIII
504 _aIncludes bibliographical references and indexes.
538 _aSystem requirements for accompanying computer disc: Windows 95.
650 0 _aMarketingu.
700 1 _aArmstrong, Gary.
942 _2udc
_cBK
999 _c299
_d299